Loading...
| Literature - World | 0 | 9 | 0 | 0 | 90 | 30 | 63.11 | 8 | 9 | 0.00 | 0.00 |
| Literature - American | 0 | 8 | 0 | 0 | 80 | 21 | 59.63 | 5 | 7 | 0.00 | 0.00 |
| Literature - British | 0 | 8 | 1 | 1 | 75 | 24 | 63.88 | 5 | 8 | 0.00 | 0.00 |
| Literature - European | 0 | 7 | 1 | 0 | 65 | 64 | 89.86 | 6 | 7 | 0.00 | 0.00 |
| Philosophy | 0 | 4 | 1 | 0 | 35 | 73 | 77.00 | 3 | 4 | 0.00 | 0.00 |
| Fine Arts - Painting and Sculpture | 0 | 3 | 0 | 0 | 30 | 61 | 75.67 | 3 | 3 | 0.00 | 0.00 |
| Science - Physics | 0 | 3 | 0 | 1 | 30 | 80 | 94.33 | 0 | 3 | 0.00 | 0.00 |
| Religion | 0 | 3 | 0 | 1 | 30 | 94 | 104.33 | 1 | 2 | 0.00 | 0.00 |
| History - Other | 0 | 2 | 0 | 0 | 20 | 84 | 87.50 | 1 | 2 | 0.00 | 0.00 |
| Fine Arts - Other | 0 | 2 | 0 | 0 | 20 | 61 | 64.00 | 2 | 2 | 0.00 | 0.00 |
| Mythology | 0 | 2 | 0 | 0 | 20 | 54 | 57.00 | 0 | 2 | 0.00 | 0.00 |
| Social Science | 0 | 2 | 1 | 0 | 15 | 49 | 73.00 | 2 | 2 | 0.00 | 0.00 |
| Science - Biology | 0 | 1 | 0 | 0 | 10 | 70 | 70.00 | 0 | 1 | 0.00 | 0.00 |
| Fine Arts - Classical Music | 0 | 1 | 0 | 0 | 10 | 64 | 64.00 | 1 | 1 | 0.00 | 0.00 |
| Current Events | 0 | 1 | 0 | 0 | 10 | 24 | 24.00 | 1 | 1 | 0.00 | 0.00 |
| Science - Other | 0 | 1 | 2 | 1 | 0 | 129 | 129.00 | 0 | 1 | 0.00 | 0.00 |